000 00363nam a2200133Ia 4500
005 20260328104329.0
008 260328s9999||||xx |||||||||||||| ||und||
100 _aLondoño, Roberto Jose
245 0 _aObservatorio Astronómico de Bogotá /
_cRoberto Jose Londoño
260 _bUniversidad de los Andes
300 _a175 p.
650 _aCOLOMBIA
942 _cBK
999 _c11638
_d11638